000 00631nam a2200229Ia 4500
003 OSt
005 20220928145539.0
006 a|||||r|||| 00| 0
007 ta
008 220927b |||||||| |||| 00| 0 eng d
024 _a81118
037 _cTextual
040 _aSDCL
_cSDCL
_beng
041 _2eng
_aeng
082 _aV42,4'N8, M1
100 _aBenjamin Roger
_9513346
245 0 _aTradition and change in postindustrial Japan
_b The role of political parties.
260 _c1981
700 _a Ori Kan
_9513347
942 _hV42,4'N8, M1
_cTEXL
_2CC
999 _c833990
_d833990